Football - Les Surnoms des Clubs Anglais - Statistiques

Statistiques générales
  • Ce quiz a été pris 952 fois
  • Le résultat moyen est 11 sur 30
Statistiques - réponses
Club Surnom % Correct
Chelsea Les Blues
96%
Manchester United Les Red Devils
90%
Manchester City Les Citizens / Les Skyblues
87%
Arsenal Les Gunners
87%
Liverpool Les Reds
85%
Tottenham Hotspur Les Spurs
75%
West Ham United Les Hammers
74%
Wolverhampton Wanderers Les Wolves
55%
Newcastle United Les Magpies
46%
Aston Villa Les Villans
44%
Leicester City Les Foxes
43%
Crystal Palace Les Eagles / Les Glaziers
37%
Brentford Les Bees
35%
Everton Les Toffees / Les Blues / Les People's Club
34%
Brighton and Hove Albion Les Seagulls
29%
Bournemouth Les Cherries
27%
Fulham Les Cottagers / Les Whites
22%
Norwich City Les Canaries / Les Yellows
15%
Swansea City Les Swans / Les Jacks
15%
Sunderland Les Black Cats
14%
Sheffield United Les Blades / Les Cutlers
9%
Burnley Les Clarets
9%
Leeds United Les Peacocks / Les Whites
9%
Nottingham Forrest Les Reds / Les Garibaldis
9%
Luton Town Les Hatters
8%
Stoke City Les Potters
7%
Watford Les Hornets
5%
West Bromwich Albion Les Baggies / Les Throstles
2%
Huddersfield Town Les Terriers
2%
Cardiff City Les Bluebirds
1%
Aucun quiz correspondant
Distribution des résultats
% des personnes avec chaque résultat
Percentile par nombre de réponses
Votre historique - résultats
Vous n’avez pas pris ce quiz